UK Residential Market Survey (Record no. 121780)
[ view plain ]
| 000 -LEADER | |
|---|---|
| fixed length control field | 01475nam a22002057a 4500 |
| 008 - FIXED-LENGTH DATA ELEMENTS--GENERAL INFORMATION | |
| fixed length control field | 240126e20240112xxk|||||o|||| 00| 0 eng d |
| 041 ## - LANGUAGE CODE | |
| Language code of text/sound track or separate title | eng |
| 110 ## - MAIN ENTRY--CORPORATE NAME | |
| Corporate author | Royal Institution of Chartered Surveyors |
| 245 ## - TITLE STATEMENT | |
| Title | UK Residential Market Survey |
| Subtitle | December 2023 |
| Medium | [Electronic resource] |
| 260 ## - PUBLICATION INFORMATION | |
| Place of publication | London, |
| Publisher | Royal Institution of Chartered Surveyors, |
| Date | January 2024 |
| 300 ## - PHYSICAL DESCRIPTION | |
| Physical description | 17p |
| 490 ## - SERIES TITLE | |
| Series statement | RICS UK Residential Market Survey |
| 520 ## - ABSTRACT | |
| Abstract | The December 2023 RICS UK Residential Survey shows activity picking up, and an improvement on last month's figures as the trend towards lowered mortgage rates continues. Near-term sales expectations moved up a touch more positively, while the longer-term outlook illustrates a market moving out of negativity and into a flatter environment. The new buyer enquiries indicator registered a reading of -3% in December, up from the -13% result in November, approaching a flat reading. This is the fourth successive month recording a reduction in negative buyer enquiry activity, moving into neutral territory (between -5 % and +5%) for the first time since April 2022. |
| 650 ## - KEYWORDS | |
| Keywords | HOUSING MARKET |
| 650 ## - KEYWORDS | |
| Keywords | RESIDENTIAL PROPERTY |
| 651 ## - SUBJECT ADDED ENTRY--GEOGRAPHIC NAME | |
| Geographic name | United Kingdom |
| 710 ## - ADDED CORPORATE NAME | |
| Added corporate author | Royal Institution of Chartered Surveyors |
| 856 ## - ONLINE RESOURCE | |
| Uniform Resource Identifier | <a href="https://www.rics.org/content/dam/ricsglobal/documents/market-surveys/uk-residential-market-survey/WEB_December_2023_RICS_UK_Residential_Market_Survey.pdf">https://www.rics.org/content/dam/ricsglobal/documents/market-surveys/uk-residential-market-survey/WEB_December_2023_RICS_UK_Residential_Market_Survey.pdf</a> |
| Public note | Available free on RICS.org |
| 942 ## - ADDED ENTRY ELEMENTS (KOHA) | |
| Suppress in OPAC | Do not suppress in OPAC |
| Lost status | Damaged status | Not for loan | Current library | Shelving location | Date acquired | Total Checkouts | Full call number | Date last seen | Price effective from | Koha item type |
|---|---|---|---|---|---|---|---|---|---|---|
| Virtual | Online | 26/01/2024 | PROPERTY MARKET DATA | 26/01/2024 | 26/01/2024 | Online material |